00330nam a2200121Ia 450000500170000000800410001708200130005824500220007126000590009330000130015250000200016570000230018520250430054638.0240331s9999 xx 000 0 und d bUMMa891 0aUmmagga jathakaya aSri LankabDepartment of Education & Publishersc1978 a212 p ., aAncient History aSenadeera,G. eedt